[Event "CZE-chT2B 1920"]
[Site "Czech Republic"]
[Date "2020.02.23"]
[Round "9.8"]
[White "Kantorik, Radovan"]
[Black "Misicko, Jan"]
[Result "0-1"]
[WhiteElo "1704"]
[BlackElo "2028"]
[PlyCount "96"]
[EventDate "2019.10.13"]
[EventType "team-tourn"]
[EventRounds "11"]
[EventCountry "CZE"]
[SourceTitle "EXT 2024"]
[Source "ChessBase"]
[SourceDate "2023.10.10"]
[SourceVersion "1"]
[SourceVersionDate "2023.10.10"]
[SourceQuality "1"]
[WhiteTeam "Kolesovice Cesky Lev"]
[BlackTeam "Kladno"]
[WhiteTeamCountry "CZE"]
[BlackTeamCountry "CZE"]

1. e4 c5 2. Nf3 e6 3. Nc3 Nc6 4. Bb5 Nge7 5. d4 cxd4 6. Nxd4 Nxd4 7. Qxd4 a6 8. Ba4 b5 9. Bb3 Nc6 10. Qd1 Be7 11. a3 0-0 12. 0-0 f5 13. exf5 Rxf5 14. Ne4 d5 15. Ng3 Rf7 16. c3 Qd6 17. Be3 Bd7 18. Qd2 Na5 19. Ba2 Nc4 20. Qe2 Qe5 21. Rfe1 Nxe3 22. Qxe3 Qxe3 23. Rxe3 Bc5 24. Re2 Raf8 25. Nh1 Rf6 26. Kf1 g5 27. Rd1 R8f7 28. Ke1 a5 29. f3 h5 30. h3 Bc8 31. Nf2 Ba6 32. Re5 Rg7 33. Nd3 Bd6 34. Re2 b4 35. axb4 axb4 36. cxb4 Rb7 37. Rc2 Bxb4+ 38. Nxb4 Rxb4 39. Rf2 g4 40. hxg4 hxg4 41. Rdd2 g3 42. Rfe2 Bxe2 43. Kxe2 Rf7 44. Kd3 Rc7 45. b3 Rc1 46. Rb2 Kf7 47. Bb1 Rc7 48. Ke3 Rc3+ 0-1